书目信息 |
| 题名: |
我们这一代
|
|
| 作者: | 尹绍亭 主编 | |
| 分册: | ||
| 出版信息: | 北京 学苑出版社 2020.7 |
|
| 页数: | 512页 | |
| 开本: | 24cm | |
| 丛书名: | 中国民族学家和人类学家口述史丛书 | |
| 单 册: | ||
| 中图分类: | Q98 , C955.2 | |
| 科图分类: | ||
| 主题词: | 人类学--研究--中国 , 民族学--研究--中国 | |
| 电子资源: | ||
| ISBN: | 978-7-5077-5955-6 | |
| 000 | 02035nam2 2200337 45 | |
| 001 | 012001002869 | |
| 005 | 20141010103928.0 | |
| 010 | @a978-7-5077-5955-6@dCNY99.00 | |
| 100 | @a20200928d2020 em y0chiy50 ea | |
| 101 | 0 | @achi |
| 102 | @aCN@b110000 | |
| 105 | @aa z 000yy | |
| 106 | @ar | |
| 200 | 1 | @a我们这一代@Awo men zhe yi dai@e滇云人类学者访谈集萃@f尹绍亭主编 |
| 210 | @a北京@c学苑出版社@d2020.7 | |
| 215 | @a512页@c照片@d24cm | |
| 225 | 2 | @a中国民族学家和人类学家口述史丛书 |
| 300 | @a云南大学西南边疆少数民族研究中心文库 教育部人文社会科学重点研究基地、云南大学“双一流”建设民族学一流学科建设项目成果 | |
| 300 | @a其他题名:滇云人类学者访谈集萃 | |
| 314 | @a尹绍亭,教授是我国生态人类学研究领域为数不多的拓荒者之一。他学术视野宽广、思维慎密,同时又极富创新精神。他推崇在大量汲取古今中外学术营养的基础上,重新检视鲜活的田野经验,不盲从迷信外国理论,坚持独立的学术思考,强调原创性,同时还在民族文化生态村建设、博物馆建设、物质文化研究与保护等几个领域都取得了创造性的成果。尹绍亭教授还是云南民族博物馆、云南大学人类学博物馆的主要创建人。 | |
| 330 | @a本书采访的学者20人,长者梁旭先生79岁,不足60岁的4人。主要是云南地区著名的人类学、民族学学者,还有加盟者的日本学者秋道智弥、横山广子教授,澳大利亚唐立教授,云南大学出身的美国学者施传刚教授,中国台湾的何翠萍教授五人。他们的访谈,视野开阔,学术性强,颇多建树。通过访谈内容可以了解该领域的学术前沿、研究方法、时代精神。内容涉及云南等地的民族学、人类学调查、少数民族研究中心等大学学科建设等,这些人类学家、民族学学者、历史学、宗教学学者都是曾经在云南求学或工作过,这些人的考察经历、调查足迹以及成长经历本身都是宝贵的资料,能够通过访谈的方式记录下来,是极有意义的。 | |
| 410 | 0 | @12001 @a中国民族学家和人类学家口述史丛书 |
| 461 | 0 | @12001 @a中国民族学家和人类学家口述史丛书 |
| 517 | 1 | @a滇云人类学者访谈集萃@Adian yun ren lei xue zhe fang tan ji cui |
| 606 | 0 | @a人类学@x研究@y中国 |
| 606 | 0 | @a民族学@x研究@y中国 |
| 690 | @aQ98@v5 | |
| 690 | @aC955.2@v5 | |
| 701 | 0 | @a尹绍亭@Ayin shao ting@4主编 |
| 801 | 0 | @aCN@bBJSDL@c20211018 |
| 905 | @b1350637-40@dQ98@e100@f4 | |
| 我们这一代:滇云人类学者访谈集萃/尹绍亭主编.-北京:学苑出版社,2020.7 |
| 512页:照片;24cm.-(中国民族学家和人类学家口述史丛书) |
| 云南大学西南边疆少数民族研究中心文库 教育部人文社会科学重点研究基地、云南大学“双一流”建设民族学一流学科建设项目成果.-其他题名:滇云人类学者访谈集萃 |
| ISBN 978-7-5077-5955-6:CNY99.00 |
| 本书采访的学者20人,长者梁旭先生79岁,不足60岁的4人。主要是云南地区著名的人类学、民族学学者,还有加盟者的日本学者秋道智弥、横山广子教授,澳大利亚唐立教授,云南大学出身的美国学者施传刚教授,中国台湾的何翠萍教授五人。他们的访谈,视野开阔,学术性强,颇多建树。通过访谈内容可以了解该领域的学术前沿、研究方法、时代精神。内容涉及云南等地的民族学、人类学调查、少数民族研究中心等大学学科建设等,这些人类学家、民族学学者、历史学、宗教学学者都是曾经在云南求学或工作过,这些人的考察经历、调查足迹以及成长经历本身都是宝贵的资料,能够通过访谈的方式记录下来,是极有意义的。 |
| ● |
| 相关链接 |
|
|
|
|
正题名:我们这一代
索取号:Q98/100
 
预约/预借
| 序号 | 登录号 | 条形码 | 馆藏地/架位号 | 状态 | 备注 |
| 1 | 1350637 | 213506375 | 第二样本阅览室/ [索取号:Q98/100] | 在馆 | |
| 2 | 1350638 | 213506384 | 第三借阅区/ [索取号:Q98/100] | 在馆 | |
| 3 | 1350639 | 213506393 | 第三借阅区/ [索取号:Q98/100] | 在馆 | |
| 4 | 1350640 | 213506400 | 第三借阅区/ [索取号:Q98/100] | 在馆 |